| 000 | 00847nam a22001817a 4500 | ||
|---|---|---|---|
| 008 | 100620s2006 ua|||||r|||| 000 0 ara d | ||
| 020 | _a9771804626 | ||
| 082 |
_222 _a327.62 _bش ا ك |
||
| 100 |
_914893 _aشاكر،صفاء |
||
| 245 |
_aالخارجية المصرية 1937-1953 _bصفاء شاكر |
||
| 260 |
_aالقاهرة: _bالهيئة العامة لدار الكتب و الوثائق القومية ، _c2006. |
||
| 300 |
_a320 ص ؛ _c24 سم. |
||
| 490 |
_914899 _aمصر النهضة _v66. |
||
| 504 | _aيشتمل على ببليوجرافية ص 313-295 | ||
| 651 |
_921491 _aمصر _xالعلاقات الخارجية |
||
| 942 |
_2ddc _cBB |
||
| 999 |
_c14121 _d14121 |
||